Memphis PD is king of the NIBRS hill, although getting there is a hard climb

Saved in:  
Bibliographic Details
Format: Print Article
Language:English
Published: 2000
In:Enthalten in: Law Enforcement News 26 (2000), 544, Seite 1 -
Check availability: HBZ Gateway

MARC

LEADER 00000caa a22000002c 4500
001 191262043X
003 DE-627
005 20250126055027.0
007 tu
008 241217s2000 xx ||||| 00| ||eng c
035 |a (DE-627)191262043X 
035 |a (DE-599)KXP191262043X 
040 |a DE-627  |b ger  |c DE-627  |e rda 
041 |a eng 
084 |a 2,1  |2 ssgn 
245 0 0 |a Memphis PD is king of the NIBRS hill, although getting there is a hard climb 
264 1 |c 2000 
336 |a Text  |b txt  |2 rdacontent 
337 |a ohne Hilfsmittel zu benutzen  |b n  |2 rdamedia 
338 |a Band  |b nc  |2 rdacarrier 
500 |a 0364-1724 
773 0 8 |i Enthalten in  |t Law Enforcement News  |g 26 (2000), 544, Seite 1 - 
773 1 8 |g volume:26  |g year:2000  |g number:544  |g pages:1 - 
935 |a mkri 
951 |a AR 
ELC |b 1 
LOK |0 000 xxxxxcx a22 zn 4500 
LOK |0 001 4637585953 
LOK |0 003 DE-627 
LOK |0 004 191262043X 
LOK |0 005 20241217044710 
LOK |0 008 241217||||||||||||||||ger||||||| 
LOK |0 035   |a (DE-2619)ICPSR33969 
LOK |0 040   |a DE-2619  |c DE-627  |d DE-2619 
LOK |0 092   |o n 
LOK |0 852   |a DE-2619 
LOK |0 852 1  |9 00 
LOK |0 935   |a uvkn  |a nacp 
LOK |0 939   |a 17-12-24  |b l01 
ORI |a SA-MARC-krimdoka001.raw